Music Quiz

Random Music or Song Quiz

'Soldier' Lyrics - Gavin DeGraw Quiz Stats

 Plays Quiz not verified by Sporcle

Challenge
Share
Tweet
Embed
Score 0/196 Timer 07:00
0 Plays Today
% Correct
CHORUS:
99.4%
(CHORUS)
99.4%
(CHORUS)
99.4%
La da da da da da, la da da da da...
98.3%
a
97.8%
I
97.8%
I
97.8%
I
97.8%
I
97.8%
a
97.8%
I
97.8%
when
97.2%
when
97.2%
When
97.2%
When
97.2%
when
97.2%
when
97.2%
you
96.7%
You
96.7%
you
96.7%
you
96.7%
You
96.7%
you
96.7%
you
96.7%
you
96.7%
you
96.7%
you
96.7%
the
96.1%
the
96.1%
the
96.1%
the
96.1%
the
96.1%
the
96.1%
the
96.1%
so
96.1%
soldier
95.6%
soldier
95.6%
soldier
95.6%
soldier
95.6%
be
95%
be
95%
be
95%
be
95%
be,
95%
be
95%
be
95%
I'll
94.5%
I'll
94.5%
I'll
94.5%
I'll
94.5%
I'll
94.5%
I'll
94.5%
I'll
94.5%
I'll
94.5%
I'll
94.5%
I'll
94.5%
I'll
94.5%
Where
93.9%
all
93.9%
go?
93.9%
Oh,
93.9%
did
93.4%
people
92.8%
They
92.8%
get
92.8%
it
92.8%
% Correct
and
92.8%
they
92.8%
get
92.8%
they
92.8%
get
92.8%
get
92.8%
it
92.8%
it
92.8%
it
92.8%
get
92.8%
it,
92.8%
it
92.8%
and
92.8%
it
92.8%
get
92.8%
get
92.8%
they
92.8%
getting
92.8%
People
92.8%
oh,
92.8%
got
92.3%
if
92.3%
if
92.3%
your
92.3%
your
92.3%
your
92.3%
your
92.3%
your
92.3%
wanna
91.7%
scared
91.2%
gonna
91.2%
went
90.6%
need
90.1%
don't
90.1%
see
90.1%
lights
89.5%
low
89%
what
89%
what
89%
take
88.4%
to
88.4%
to
88.4%
of
87.8%
of
87.8%
of
87.8%
pain
86.7%
You're
86.2%
rain
86.2%
don't
86.2%
you're
86.2%
hurt,
85.6%
know
85.6%
out
85.1%
nice
84.5%
slow
84.5%
still
84.5%
still
84.5%
said
84%
search
83.4%
thirsty,
83.4%
believe
82.9%
mean
82.9%
control
82.3%
might
82.3%
Might
82.3%
might
82.3%
% Correct
world's
81.8%
told
81.8%
worried,
81.8%
moment
81.2%
but
81.2%
moment
81.2%
through
80.7%
spinning
80.7%
bruised
80.7%
heard
80.1%
or
78.5%
truth
76.8%
scraped
75.7%
Afraid
75.1%
why
74.6%
times
74.6%
last
74.6%
here,
74%
there
74%
'em
73.5%
That's
73.5%
hard
73.5%
'em
73.5%
it's
72.9%
charge
72.4%
supposed
71.8%
Funny
71.3%
as
71.3%
try
71.3%
lose
70.7%
called
70.7%
at
70.7%
on
70.2%
say
70.2%
what's
68%
use
67.4%
Hiding
67.4%
hiding
67.4%
Find
67.4%
underneath
67.4%
hiding
67.4%
stairs
66.9%
is
66.9%
I'm
65.2%
never
65.2%
forever
64.6%
cold
64.1%
everywhere
64.1%
show
64.1%
stone
63.5%
My
63%
'surrender'
63%
longest
62.4%
yard
62.4%
feet
62.4%
trying
62.4%
Always
61.3%
true
61.3%
beg
59.7%
feel
59.7%
could
58%
aim
58%
their
55.8%
Well
29.8%

You're not logged in!

Compare scores with friends on all Sporcle quizzes.
Join for Free
OR
Log In

You Might Also Like...

Show Comments

Extras

Top Quizzes Today


Score Distribution

Your Account Isn't Verified!

In order to create a playlist on Sporcle, you need to verify the email address you used during registration. Go to your Sporcle Settings to finish the process.

Report this User

Report this user for behavior that violates our Community Guidelines.

Details: